[Event "AUTO-BEG-680"]
[Site "http://www.queenalice.com/game.php?id=1784809"]
[Date "2022.3.14"]
[Round "1"]
[White "maurice916"]
[Black "Browser"]
[Result "1-0"]
[WhiteElo "1870"]
[BlackElo "1008"]

1. d4 d5 2. c4 dxc4 3. Nc3 a6 4. a4 e6 5. e4 Nc6 6. Be3 Nf6 7. Bxc4 Bb4 8. Ne2
O-O 9. Qc2 h6 10. Rd1 Bd7 11. O-O Ng4 12. Bd2 Be7 13. f3 Nf6 14. Be3 Rb8 15. Ba2
Nb4 16. Qb1 Nxa2 17. Qxa2 b5 18. axb5 axb5 19. Qb1 c6 20. f4 Nh7 21. d5 exd5 22.
exd5 Qc7 23. dxc6 Bxc6 24. Rc1 Qb7 25. Rf2 Bxg2 26. Rxg2 1-0

[Event "AUTO-OPEN-4356"]
[Site "http://www.queenalice.com/game.php?id=1784928"]
[Date "2022.3.15"]
[Round "1"]
[White "zefer"]
[Black "Browser"]
[Result "0-1"]
[WhiteElo "1168"]
[BlackElo "1056"]

1. e4 e5 2. a3 Nf6 3. Qf3 Nc6 4. Nc3 Be7 5. Qg3 O-O 6. d3 d6 7. h3 a6 8. Bh6 g6
9. Bxf8 Kxf8 10. Nf3 Na7 11. h4 b5 12. a4 Bd7 13. h5 Nxh5 14. Rxh5 gxh5 15. Nd5
Bg4 16. Nxe7 Qxe7 17. Nh4 Nc6 18. f3 Be6 19. Nf5 Bxf5 20. exf5 h4 21. Qg4 Nd4
22. Rc1 bxa4 23. c3 Nb5 24. d4 exd4+ 25. Be2 d3 26. c4 Qxe2# 0-1

[Event "AUTO-OPEN-4356"]
[Site "http://www.queenalice.com/game.php?id=1784929"]
[Date "2022.3.15"]
[Round "1"]
[White "Browser"]
[Black "zefer"]
[Result "0-1"]
[WhiteElo "1021"]
[BlackElo "1145"]

1. f4 e6 2. Nf3 Nh6 3. g3 a6 4. Bg2 Nc6 5. d3 a5 6. O-O Qf6 7. Nc3 Bc5+ 8. Kh1
Ng4 9. h3 Nf2+ 10. Kh2 Nxd1 0-1

[Event "AUTO-OPEN-4356"]
[Site "http://www.queenalice.com/game.php?id=1784948"]
[Date "2022.3.15"]
[Round "1"]
[White "maurice916"]
[Black "Browser"]
[Result "1-0"]
[WhiteElo "1832"]
[BlackElo "1010"]

1. d4 d5 2. c4 Nf6 3. Nc3 c6 4. Nf3 e6 5. Bg5 Bb4 6. e3 O-O 7. Bd3 h6 8. Bh4
Nbd7 9. O-O Bxc3 10. bxc3 b6 11. cxd5 cxd5 12. Bc2 Bb7 13. Qd3 Qc7 14. Ne5 a5
15. Nxd7 Nxd7 16. Qh7# 1-0

[Event "AUTO-OPEN-4356"]
[Site "http://www.queenalice.com/game.php?id=1784949"]
[Date "2022.3.15"]
[Round "1"]
[White "Browser"]
[Black "maurice916"]
[Result "1-0"]
[WhiteElo "1028"]
[BlackElo "1807"]

1. f4 c5 2. Nf3 Nc6 3. g3 d6 4. Bg2 Nf6 5. O-O e6 6. e3 Be7 7. c3 O-O 8. d4 cxd4
9. cxd4 d5 10. a3 Ne4 11. Nc3 f5 12. Qc2 h6 13. Ne5 Qe8 14. Nxc6 bxc6 15. Nxe4
fxe4 16. b4 Ba6 17. Re1 Rb8 18. Bb2 Bd3 19. Qd2 Bf6 20. Bf1 Bxf1 21. Kxf1 Qd8
22. Rac1 Rc8 23. Rc2 Qb6 24. h3 Be7 25. h4 Bf6 26. Qh2 Qa6+ 27. Kg1 Qb5 28. g4
a5 29. g5 hxg5 30. hxg5 Be7 31. g6 Rf5 32. Qh7+ Kf8 33. Qh8# 1-0

[Event "AUTO-OPEN-4356"]
[Site "http://www.queenalice.com/game.php?id=1784960"]
[Date "2022.3.15"]
[Round "1"]
[White "Browser"]
[Black "Canaye"]
[Result "1-0"]
[WhiteElo "1095"]
[BlackElo "1825"]

1. c4 e6 2. Nc3 d5 3. e3 d4 4. exd4 Qxd4 5. Nf3 Qd8 6. d4 Nf6 7. g3 Be7 8. Bg2
c5 9. O-O Nc6 10. b3 cxd4 11. Ne2 O-O 12. Nexd4 Nxd4 13. Nxd4 a5 14. Bb2 a4 15.
bxa4 Ra5 16. Qc2 Re8 17. Nb5 b6 18. Rac1 Bc5 19. Nc3 Ra7 20. Bc6 Ree7 21. Bb5
Bd7 22. Rfd1 Qc8 23. Ne4 Nxe4 24. Qxe4 Bxb5 25. axb5 h6 26. Qg4 f5 27. Qe2 Rxa2
28. Rd2 Rd7 29. Bc3 Raxd2 30. Qxe6+ Kh8 31. Bxd2 Qd8 32. Bf4 Rd1+ 33. Rxd1 Qxd1+
34. Kg2 Qc2 35. Be3 Bxe3 36. Qxe3 Qxc4 37. Qxb6 Qd5+ 38. Kf1 Qh1+ 39. Ke2 Qxh2
40. Qb8+ Kh7 41. b6 Qg2 42. b7 Qe4+ 43. Kd2 Qd4+ 44. Kc2 Qxf2+ 45. Kd3 Qf3+ 46.
Kc4 Qe4+ 47. Kc5 Qe7+ 48. Kd5 Qe4+ 49. Kc5 Qe7+ 50. Kb6 Qf6+ 51. Kc5 h5 52. Qd6
Qc3+ 53. Kb6 Qb3+ 54. Kc7 Qc4+ 55. Qc6 Qf7+ 56. Qd7 Qc4+ 57. Qc6 Qf7+ 58. Qd7
Qc4+ 59. Kd8 Qg8+ 60. Ke7 f4 61. Qf5+ Kh6 62. Qxf4+ Kh7 63. b8=Q Qxb8 64. Qxb8
Kh6 65. Kf7 g6 66. Qf4+ Kh7 67. Qg5 h4 68. Qxg6+ Kh8 69. Qg7# 1-0

[Event "AUTO-OPEN-4356"]
[Site "http://www.queenalice.com/game.php?id=1784961"]
[Date "2022.3.15"]
[Round "1"]
[White "Canaye"]
[Black "Browser"]
[Result "1-0"]
[WhiteElo "1866"]
[BlackElo "1058"]

1. d4 f5 2. c4 Nf6 3. Nc3 e6 4. Bg5 Be7 5. e3 O-O 6. Bd3 c6 7. Nge2 h6 8. Bxf6
Bxf6 9. O-O d5 10. cxd5 cxd5 11. Qc2 Nc6 12. a3 a6 13. b4 Qc7 14. Rac1 Bd7 15.
Nf4 Be7 16. Nd1 Rac8 17. Ng6 Rfe8 18. Nxe7+ Rxe7 19. f3 Qd6 20. Qb1 Ree8 21. Nb2
b5 22. Rfd1 Rf8 23. Rc5 f4 24. e4 dxe4 25. Bxe4 Nxd4 26. Rxc8 Rxc8 27. Kh1 e5
28. Nd3 Bc6 29. Nc5 Qf6 30. Bxc6 Rxc6 31. Qa2+ Kh8 32. h3 Qh4 33. Qf7 Kh7 34.
Nd7 1-0

[Event "AUTO-OPEN-4366"]
[Site "http://www.queenalice.com/game.php?id=1788396"]
[Date "2022.5.6"]
[Round "1"]
[White "Browser"]
[Black "mitsho"]
[Result "0-1"]
[WhiteElo "1099"]
[BlackElo "2179"]

1. d4 d5 2. e3 Nf6 3. Nf3 Bf5 4. Bd3 e6 5. Bxf5 exf5 6. O-O Nbd7 7. Nc3 Bb4 8.
Bd2 O-O 9. a3 Bxc3 10. Bxc3 Ne4 11. Ne1 c5 12. f3 Nxc3 13. bxc3 Re8 0-1

[Event "AUTO-OPEN-4366"]
[Site "http://www.queenalice.com/game.php?id=1788397"]
[Date "2022.5.6"]
[Round "1"]
[White "mitsho"]
[Black "Browser"]
[Result "1-0"]
[WhiteElo "2180"]
[BlackElo "1097"]

1. d4 d5 2. c4 c6 3. Nf3 Nf6 4. Nc3 e6 5. Bg5 Be7 6. e3 Qb6 7. b3 Nbd7 8. Be2
O-O 9. O-O Re8 10. Qc2 h6 11. Bf4 Nh5 12. Be5 Nxe5 13. Nxe5 Nf6 14. c5 Qc7 15.
f4 Nd7 16. Bh5 g6 17. Bxg6 1-0

[Event "AUTO-OPEN-4366"]
[Site "http://www.queenalice.com/game.php?id=1788398"]
[Date "2022.5.6"]
[Round "1"]
[White "Browser"]
[Black "Mapelli"]
[Result "0-1"]
[WhiteElo "1091"]
[BlackElo "1434"]

1. e4 d5 2. exd5 Qxd5 3. Nc3 Qd4 4. Nf3 Qd6 5. d3 h6 6. Be2 g5 7. b3 Bg7 8. Bb2
a6 9. a4 Qc6 10. O-O Bxc3 0-1

[Event "AUTO-OPEN-4366"]
[Site "http://www.queenalice.com/game.php?id=1788400"]
[Date "2022.5.6"]
[Round "1"]
[White "Browser"]
[Black "Numberzero"]
[Result "0-1"]
[WhiteElo "1095"]
[BlackElo "1849"]

1. c4 e5 2. e3 Nf6 3. g3 d5 4. cxd5 Nxd5 5. Bg2 Be6 6. Ne2 Be7 7. O-O O-O 8.
Nbc3 Nc6 9. d4 exd4 10. Nxd4 Nxd4 11. Qxd4 Bf6 12. Qd2 Bxc3 13. bxc3 c6 14. Bb2
Nf6 15. Qc2 Qc7 16. Rad1 Bxa2 17. Ba3 Be6 18. Bxf8 Kxf8 19. Ra1 b6 20. Rfd1 a5
21. Rd2 Ke7 22. Rad1 a4 23. Rd6 Qxd6 24. Rxd6 Kxd6 25. h4 a3 0-1

[Event "AUTO-OPEN-4366"]
[Site "http://www.queenalice.com/game.php?id=1788401"]
[Date "2022.5.6"]
[Round "1"]
[White "Numberzero"]
[Black "Browser"]
[Result "1-0"]
[WhiteElo "1790"]
[BlackElo "1095"]

1. e4 e5 2. Nf3 Nc6 3. d4 exd4 4. Nxd4 Nxd4 5. Qxd4 d6 6. Nc3 Be6 7. Be2 c5 8.
Qe3 Be7 9. Bd2 Nf6 10. O-O-O Qb6 11. Na4 Qc7 12. Nc3 O-O-O 13. Nb5 Qb6 14. a4 a6
15. a5 Qc6 16. Na7+ 1-0